UM Logo

High efficiency bidirectional dual active bridge (dab) converter adopting boost-up function for increasing output power / (Record no. 21410)

MARC details
000 -LEADER
fixed length control field 01343nam a22003017a 4500
003 - CONTROL NUMBER IDENTIFIER
control field OSt
005 - DATE AND TIME OF LATEST TRANSACTION
control field 20250403080009.0
008 - FIXED-LENGTH DATA ELEMENTS--GENERAL INFORMATION
fixed length control field 240906b ||||| |||| 00| 0 eng d
040 ## - CATALOGING SOURCE
Transcribing agency 0
082 ## - DEWEY DECIMAL CLASSIFICATION NUMBER
Classification number DPer 621.317 Ie21 December 2022 v.37 n. 12 part 1&2.
100 ## - MAIN ENTRY--PERSONAL NAME
Personal name Yu, Chanhun.
Relator term author.
9 (RLIN) 60445
245 ## - TITLE STATEMENT
Title High efficiency bidirectional dual active bridge (dab) converter adopting boost-up function for increasing output power /
Statement of responsibility, etc. Chanhun Yu, Sungroc Jang, Hyoungsuk Kim, Taehyun Kim, Seongho Son, Changhyun Kwon, Ilwoong Jang, and Honnyong Cha.
260 ## - PUBLICATION, DISTRIBUTION, ETC. (IMPRINT)
Place of publication, distribution, etc. New York ;
Name of publisher, distributor, etc. The Institute of Electrical and Electronics Engineers, Inc.,
Date of publication, distribution, etc. December 2022.
300 ## - PHYSICAL DESCRIPTION
Extent volume 37, pages 14678-14691,
Other physical details illustration.
500 ## - GENERAL NOTE
General note IEEE Transactions on Power Electronics, v. 37 n. 12, pages 14678-14691, December 2022.
650 #0 - SUBJECT ADDED ENTRY--TOPICAL TERM
Topical term or geographic name as entry element Bidirectional operation.
9 (RLIN) 66128
650 #0 - SUBJECT ADDED ENTRY--TOPICAL TERM
Topical term or geographic name as entry element boost-up function.
9 (RLIN) 66129
650 #0 - SUBJECT ADDED ENTRY--TOPICAL TERM
Topical term or geographic name as entry element capacitor adding.
9 (RLIN) 66130
700 ## - ADDED ENTRY--PERSONAL NAME
Personal name Yu, Chanhun.
Relator term author.
9 (RLIN) 60445
700 ## - ADDED ENTRY--PERSONAL NAME
Personal name Jang, Sungroc.
Relator term author.
9 (RLIN) 60446
700 ## - ADDED ENTRY--PERSONAL NAME
Personal name Kim, Hyoungsuk.
Relator term author.
9 (RLIN) 60447
700 ## - ADDED ENTRY--PERSONAL NAME
Personal name Kim, Taehyun.
Relator term author.
9 (RLIN) 60448
700 ## - ADDED ENTRY--PERSONAL NAME
Personal name Son, Seongho.
Relator term author.
9 (RLIN) 60449
700 ## - ADDED ENTRY--PERSONAL NAME
Personal name Kwon, Changhyun.
Relator term author.
9 (RLIN) 60450
700 ## - ADDED ENTRY--PERSONAL NAME
Personal name Jang, Ilwoong.
Relator term author.
9 (RLIN) 60451
700 ## - ADDED ENTRY--PERSONAL NAME
Personal name Cha, Honnyong.
Relator term author.
9 (RLIN) 60452
942 ## - ADDED ENTRY ELEMENTS (KOHA)
Source of classification or shelving scheme Dewey Decimal Classification
Koha item type Periodicals
Holdings
Withdrawn status Lost status Source of classification or shelving scheme Damaged status Not for loan Collection code Home library Current library Date acquired Total Checkouts Full call number Date last seen Price effective from Koha item type Public note
    Dewey Decimal Classification     Periodicals UM Digos College - LIC UM Digos College - LIC 09/06/2024   DPer 621.317 Ie21 December 2022 v.37 n. 12 part 1&2. 09/06/2024 09/06/2024 Periodicals Periodical Article